Celebrations of earth and beyond (Record no. 5537)

MARC details
000 -LEADER
fixed length control field 00594nam a22002057a 4500
005 - DATE AND TIME OF LATEST TRANSACTION
control field 20250519134451.0
008 - FIXED-LENGTH DATA ELEMENTS--GENERAL INFORMATION
fixed length control field 250519b |||||||| |||| 00| 0 eng d
040 ## - CATALOGING SOURCE
Transcribing agency DepED Dasmarinas City
245 ## - TITLE STATEMENT
Title Celebrations of earth and beyond
250 ## - EDITION
Edition statement Special Millennium Issue
490 ## - SERIES STATEMENT
SERIES STATEMENT National Geographic
520 ## - SUMMARY, ETC.
Summary, etc. Celebrations of Earth, Life Beyond Earth, Rediscovering America, Tibet Embraces the New Year, The Enigma of Beauty, Light in the Deep
650 ## - SUBJECT ADDED ENTRY--TOPICAL TERM
General subdivision EARTH
650 ## - SUBJECT ADDED ENTRY--TOPICAL TERM
General subdivision EARTH
650 ## - SUBJECT ADDED ENTRY--TOPICAL TERM
General subdivision AMERICA
650 ## - SUBJECT ADDED ENTRY--TOPICAL TERM
General subdivision TIBET
650 ## - SUBJECT ADDED ENTRY--TOPICAL TERM
General subdivision BEAUTY
650 ## - SUBJECT ADDED ENTRY--TOPICAL TERM
General subdivision ANIMALS
942 ## - ADDED ENTRY ELEMENTS (KOHA)
Source of classification or shelving scheme Dewey Decimal Classification
Koha item type Continuing Resources
999 ## -
-- 5537
-- 5537
Holdings
Homebranch current branch Barcode
DepED Dasmarinas City DepED Dasmarinas City DSMSR012000-048